Top Gear Presenters Quiz Stats

 Plays Quiz not verified by Sporcle

Challenge
Share
Tweet
Embed
Score 0/21 Timer 10:00
0 Plays Today
% Correct
James May
96.6%
Jeremy Clarkson
95.7%
Richard Hammond
95.7%
Tiff Needell
38.5%
Noel Edmonds
35%
Quentin Wilson
32.5%
Angela Rippon
29.9%
Vicki Butler-Henderson
28.2%
Jason Dawe
24.8%
Chris Goffey
16.2%
Kate Humble
14.5%
% Correct
William Woollard
12.8%
Julia Bradbury
11.1%
Michael Collie
10.3%
Jason Barlow
9.4%
Michele Newman
8.5%
Andy Wilman
8.5%
Tom Boswell
7.7%
Brendan Coogan
7.7%
Steve Berry
6.8%
Tony Mason
6.8%

You're not logged in!

Compare scores with friends on all Sporcle quizzes.
OR
Log In

You Might Also Like...

Show Comments

Extras

Created Oct 23, 2010ReportNominate
Tags:gear, presenter, Top Gear

Top Quizzes Today


Score Distribution

Your Account Isn't Verified!

In order to create a playlist on Sporcle, you need to verify the email address you used during registration. Go to your Sporcle Settings to finish the process.

Report this User

Report this user for behavior that violates our Community Guidelines.

Details: